01189nam a2200169 a 4500020002700000020003000027082001700057100003000074245004300104250001200147260003200159300001300191490005200204520067900256650001400935856007000949 a0824708067 (hardcover) a9780824708061 (hardcover) a541.2254 CAR1 aJr., Charles E. Carraher.10aSeymour/carraher's polymer chemistry : a6th ed. a[S.l.] :bCRC Press,c2003. a960 p. ;1 aUndergraduate chemistry: a series of textbooks. aThis revolutionary and best-selling resource contains more than 200 pages of additional information and expanded discussions on zeolites, bitumen, conducting polymers, polymerization reactors, dendrites, self-assembling nanomaterials, atomic force microscopy, and polymer processing. This exceptional text offers extensive listings of laboratory exercises and demonstrations, web resources, and new applications for in-depth analysis of synthetic, natural, organometallic, and inorganic polymers. Special sections discuss human genome and protonics, recycling codes and solid waste, optical fibers, self-assembly, combinatorial chemistry, and smart and conductive materials. acHEMISTRY40uhttp://www.amazon.com/exec/obidos/ASIN/0824708067/chopaconline-20